<?xml version="1.0" encoding="UTF-8"?>
<record
    xmlns:xsi="http://www.w3.org/2001/XMLSchema-instance"
    xsi:schemaLocation="http://www.loc.gov/MARC21/slim http://www.loc.gov/standards/marcxml/schema/MARC21slim.xsd"
    xmlns="http://www.loc.gov/MARC21/slim">

  <leader>01049nam a22001937a 4500</leader>
  <controlfield tag="008">121102t        xxu||||| |||| 00| 0 eng d</controlfield>
  <datafield tag="020" ind1=" " ind2=" ">
    <subfield code="a">0763714704</subfield>
  </datafield>
  <datafield tag="050" ind1=" " ind2=" ">
    <subfield code="a">QA76.73.C153 D3341</subfield>
  </datafield>
  <datafield tag="100" ind1=" " ind2=" ">
    <subfield code="a">Dale, Nell.</subfield>
  </datafield>
  <datafield tag="245" ind1=" " ind2=" ">
    <subfield code="a">C++ plus data structures. /</subfield>
    <subfield code="c">Nell Dale</subfield>
  </datafield>
  <datafield tag="250" ind1=" " ind2=" ">
    <subfield code="a">2nd ed.</subfield>
  </datafield>
  <datafield tag="260" ind1=" " ind2=" ">
    <subfield code="a">Boston:</subfield>
    <subfield code="b">Jones and Bartett Publishers,</subfield>
    <subfield code="c">2001.</subfield>
  </datafield>
  <datafield tag="300" ind1=" " ind2=" ">
    <subfield code="a">xiv, 819 p.:</subfield>
    <subfield code="c">26cm.</subfield>
  </datafield>
  <datafield tag="500" ind1=" " ind2=" ">
    <subfield code="a">Includes glossary and index.</subfield>
  </datafield>
  <datafield tag="505" ind1=" " ind2=" ">
    <subfield code="a">Contents: Software engineering principles -- Data design and implementation -- ADTs unsorted and sorted list -- ADTs stack and queue -- Linked structures -- Lists plus -- Programming with recursion -- Binary search trees -- Teers plus -- Sorting and searching algorithms -- Appendix A: Reserved words -- Appendix B: Operator precedents -- Appendix C: A Selection of standard library routines -- Appendix D: Character sets -- Appendix E: The Standard template library.</subfield>
  </datafield>
  <datafield tag="650" ind1=" " ind2=" ">
    <subfield code="a">    C++ (Computer program language)     </subfield>
    <subfield code="x">Data structures (Computer science)</subfield>
  </datafield>
  <datafield tag="700" ind1=" " ind2=" ">
    <subfield code="a">Teague, David</subfield>
  </datafield>
  <datafield tag="942" ind1=" " ind2=" ">
    <subfield code="2">lcc</subfield>
    <subfield code="c">BK</subfield>
  </datafield>
  <datafield tag="999" ind1=" " ind2=" ">
    <subfield code="c">2488</subfield>
    <subfield code="d">9988</subfield>
  </datafield>
  <datafield tag="952" ind1=" " ind2=" ">
    <subfield code="0">0</subfield>
    <subfield code="1">0</subfield>
    <subfield code="2">lcc</subfield>
    <subfield code="4">0</subfield>
    <subfield code="7">0</subfield>
    <subfield code="a">WIUC-1</subfield>
    <subfield code="b">WIUC-1</subfield>
    <subfield code="c">REF</subfield>
    <subfield code="d">2012-11-02</subfield>
    <subfield code="l">0</subfield>
    <subfield code="o">QA76.73.C153 D3341</subfield>
    <subfield code="p">6159/12</subfield>
    <subfield code="r">2012-11-02 00:00:00</subfield>
    <subfield code="t">1</subfield>
    <subfield code="w">2012-11-02</subfield>
    <subfield code="y">BK</subfield>
  </datafield>
</record>
